<?xml version="1.0" encoding="UTF-8"?><?xml-stylesheet type="text/xsl" href="static/style.xsl"?><OAI-PMH xmlns="http://www.openarchives.org/OAI/2.0/" xmlns:xsi="http://www.w3.org/2001/XMLSchema-instance" xsi:schemaLocation="http://www.openarchives.org/OAI/2.0/ http://www.openarchives.org/OAI/2.0/OAI-PMH.xsd"><responseDate>2026-04-28T19:01:27Z</responseDate><request verb="GetRecord" identifier="oai:uvadoc.uva.es:10324/3012" metadataPrefix="marc">https://uvadoc.uva.es/oai/request</request><GetRecord><record><header><identifier>oai:uvadoc.uva.es:10324/3012</identifier><datestamp>2021-09-27T07:56:56Z</datestamp><setSpec>com_10324_1508</setSpec><setSpec>com_10324_894</setSpec><setSpec>col_10324_2924</setSpec></header><metadata><record xmlns="http://www.loc.gov/MARC21/slim" xmlns:doc="http://www.lyncode.com/xoai" xmlns:xsi="http://www.w3.org/2001/XMLSchema-instance" xmlns:dcterms="http://purl.org/dc/terms/" xsi:schemaLocation="http://www.loc.gov/MARC21/slim http://www.loc.gov/standards/marcxml/schema/MARC21slim.xsd">
<leader>00925njm 22002777a 4500</leader>
<datafield tag="042" ind1=" " ind2=" ">
<subfield code="a">dc</subfield>
</datafield>
<datafield tag="720" ind1=" " ind2=" ">
<subfield code="a">Valera Ordaz, Lidia</subfield>
<subfield code="e">author</subfield>
</datafield>
<datafield tag="260" ind1=" " ind2=" ">
<subfield code="c">2013</subfield>
</datafield>
<datafield tag="520" ind1=" " ind2=" ">
<subfield code="a">Este trabajo ofrece una propuesta metodológica para el análisis del flujo del discurso partidista de campaña en el espacio público, concebido como una combinación de medios tradicionales y digitales. El modelo contempla, por una parte, el clásico análisis de contenido para explorar las agendas políticas de PP y PSOE, mediática y de la blogosfera, y, por otra, un doble análisis cuantitativo y cualitativo de los marcos partidistas sobre el asunto que presidió la campaña electoral 2011: la crisis económica.&#xd;
&#xd;
Ambas metodologías serán aplicadas de forma combinada a la agenda partidista (a partir de las noticias publicadas en las webs de partidos), la agenda mediática (mediante una muestra de prensa escrita tradicional) y la agenda de la blogosfera (por medio de una muestra de blogs), con el fin de observar el nivel de asimilación de la agenda y los marcos partidistas por parte de viejos y nuevos medios</subfield>
</datafield>
<datafield tag="024" ind2=" " ind1="8">
<subfield code="a">2º Congreso Nacional sobre Metodología de la Investigación en Comunicación. Coordinadores Marta Pacheco Rueda, Miguel Vicente Mariño y Tecla González Hortigüela. Valladolid: Facultad de Ciencias Sociales, Jurídicas y de la Comunicación, 2013, p. 337-352   3</subfield>
</datafield>
<datafield tag="024" ind2=" " ind1="8">
<subfield code="a">978‐84‐616‐4124‐6</subfield>
</datafield>
<datafield tag="024" ind2=" " ind1="8">
<subfield code="a">http://uvadoc.uva.es/handle/10324/3012</subfield>
</datafield>
<datafield ind1=" " ind2=" " tag="653">
<subfield code="a">Prensa y política</subfield>
</datafield>
<datafield ind1=" " ind2=" " tag="653">
<subfield code="a">Elecciones</subfield>
</datafield>
<datafield ind1=" " ind2=" " tag="653">
<subfield code="a">Blogs - Aspecto político</subfield>
</datafield>
<datafield tag="245" ind1="0" ind2="0">
<subfield code="a">El flujo del discurso partidista de campaña en viejos y nuevos medios: Una propuesta metodológica</subfield>
</datafield>
</record></metadata></record></GetRecord></OAI-PMH>